| 000 | 00745nam a22002417a 4500 | ||
|---|---|---|---|
| 999 |
_c3893 _d3893 |
||
| 003 | AR-CdUCM | ||
| 008 | 190307b ||||| |||| 00| 0 spa d | ||
| 020 | _a84-8280-125-2 | ||
| 040 |
_aMUNICIPALIDAD PROVINCIAL DEL CUSCO _cBIBLIOTECA MUNICIPAL DEL CUSCO |
||
| 041 | _heng | ||
| 082 |
_a818.5 / _bF28 |
||
| 100 |
_aFaulkner, William _954 |
||
| 245 | _aEl sonido y la furia / | ||
| 260 |
_aBogotá : _bLa oveja negra, _c1984. |
||
| 300 |
_a285 páginas ; _c19 cm. |
||
| 440 |
_aHistoria universal de la literatura. _n25 _912499 |
||
| 650 |
_aNovelas estadounidenses _9734 |
||
| 650 |
_aSiglo XX _98 |
||
| 650 |
_aTraducciones al español _91053 |
||
| 700 |
_aAntolín Rato, Mariano (traductor) _912500 |
||
| 942 |
_2ddc _cLIBROS |
||
| 945 | _azta | ||